Použitie numerických metód v materiálovom výskume. Numerical methods application in materials science
Salvato in:
| Autore principale: | |
|---|---|
| Natura: | Libro |
| Lingua: | slovacco |
| Pubblicazione: |
Trnava :
AlumniPress,
2007
|
| Edizione: | 1. vyd |
| Serie: | Vedecké monografie
13/2007 |
| Soggetti: | |
| Accesso online: | WWW |
| Tags: |
Nessun Tag, puoi essere il primo ad aggiungerne!!
|
MARC
| LEADER | 00000nam a22000003a 4500 | ||
|---|---|---|---|
| 001 | stu146082 | ||
| 005 | 20221209143101.2 | ||
| 008 | 071002s2007----xo------------------slo-d | ||
| 020 | |a 978-80-8096-028-5 | ||
| 040 | |a STU |b slo | ||
| 041 | 0 | |a slo | |
| 044 | |a xo | ||
| 080 | |a 620 | ||
| 100 | 1 | |a Labaš, Vladimír, |d 1963- |4 aut |u M1000 |9 100 |U MTF Materiálovotechnologická fakulta |T MTF Ústav materiálov |X 274 |U M1000 |Y 81 |7 A000000274 | |
| 242 | 0 | 0 | |a Numerical methods application in materials science |
| 245 | 1 | |a Použitie numerických metód v materiálovom výskume. Numerical methods application in materials science | |
| 250 | |a 1. vyd | ||
| 260 | |a Trnava : |b AlumniPress, |c 2007 | ||
| 300 | |a 112 s | ||
| 650 | 7 | |a numerické metódy |2 stusub | |
| 830 | 0 | |a Vedecké monografie |v 13/2007 | |
| 856 | 4 | |a http://www.mtf.stuba.sk |u http://www.mtf.stuba.sk |3 WWW | |
| 996 | |b 284M066502 |c M*12205-1 |l MMST |s A |a 24 |w stu146082_0001 | ||
| 996 | |c M* DigP-311 |l M |s P |a 0 |w stu146082_0002 | ||